[Event "Aragon-ch Seniors 65+"]
[Site "Zaragoza"]
[Date "2018.06.02"]
[Round "7"]
[White "Gutierrez Lizarraga, Manuel"]
[Black "Pardo Rego, Venancio"]
[Result "1-0"]
[WhiteElo "1320"]
[BlackElo "1491"]
[PlyCount "83"]
[EventDate "2018.04.21"]
[EventType "swiss"]
[EventRounds "8"]
[EventCountry "ESP"]
[SourceTitle "EXT 2020"]
[Source "ChessBase"]
[SourceDate "2019.10.17"]
[SourceVersion "1"]
[SourceVersionDate "2019.10.17"]
[SourceQuality "1"]

1. c4 Nf6 2. d4 d5 3. cxd5 Nxd5 4. e4 Nb6 5. Nc3 e6 6. a3 Be7 7. Bd3 0-0 8. Bc2 c6 9. e5 Nd5 10. Qd3 g6 11. Bh6 Re8 12. Nf3 b6 13. Qd2 Ba6 14. h4 Nd7 15. h5 f5 16. Ng5 Bf8 17. hxg6 hxg6 18. Nxd5 cxd5 19. Bb3 Bxh6 20. Rxh6 Nf8 21. Nxe6 Rxe6 22. Qf4 g5 23. Qh2 Rxh6 24. Qxh6 Bb7 25. Bc2 Bc8 26. Kd2 Qe7 27. Rh1 Qg7 28. Qc6 Bb7 29. Qb5 Qd7 30. Qxd7 Nxd7 31. Rh5 Nf8 32. Rxg5+ Kh8 33. Bxf5 Re8 34. f4 Bc8 35. Bxc8 Rxc8 36. f5 Kh7 37. Rh5+ Kg7 38. g4 Nh7 39. g5 Rf8 40. g6 Nf6 41. exf6+ Rxf6 42. Ke3 1-0

[Event "ESP Autonomico-chT"]
[Site "Spain"]
[Date "2006.02.18"]
[Round "3.28"]
[White "Solanas Godes, Beatriz"]
[Black "Pardo Rego, Venancio"]
[Result "1-0"]
[WhiteElo "1774"]
[BlackElo "1855"]
[PlyCount "69"]
[EventDate "2006.02.04"]
[EventType "team"]
[EventRounds "9"]
[EventCountry "ESP"]
[SourceTitle "EXT 2007"]
[Source "ChessBase"]
[SourceDate "2006.11.23"]
[SourceVersion "1"]
[SourceVersionDate "2006.11.23"]
[SourceQuality "1"]

1. e4 c5 2. Nf3 Nc6 3. d4 cxd4 4. Nxd4 e5 5. Nb5 a6 6. Nd6+ Bxd6 7. Qxd6 Qf6 8. Qd3 Nge7 9. Be3 b5 10. Nd2 Bb7 11. c3 0-0 12. Nb3 d6 13. Rd1 Nc8 14. Be2 Qg6 15. 0-0 Na5 16. Bf3 Nxb3 17. axb3 Rd8 18. Rd2 Qe6 19. c4 bxc4 20. bxc4 a5 21. Ra1 a4 22. Bd1 Bc6 23. b4 axb3 24. Rxa8 Bxa8 25. Bxb3 Qe8 26. f3 Kf8 27. Ra2 Ne7 28. Ra7 Nc6 29. Ba4 Qe6 30. Rxa8 Rxa8 31. Bxc6 Ra1+ 32. Kf2 Ra2+ 33. Bd2 Qh6 34. Ke2 Qg5 35. Qxd6+ 1-0

[Event "Autonomico-chT"]
[Site "Aragon"]
[Date "2005.02.26"]
[Round "5.40"]
[White "Galvez Rubio, David"]
[Black "Pardo Rego, Venancio"]
[Result "1-0"]
[WhiteElo "1850"]
[BlackElo "1878"]
[PlyCount "42"]
[EventDate "2005.01.22"]
[EventType "team"]
[EventRounds "12"]
[EventCountry "ESP"]
[SourceTitle "EXT 2006"]
[Source "ChessBase"]
[SourceDate "2005.11.24"]
[SourceVersion "1"]
[SourceVersionDate "2005.11.24"]
[SourceQuality "1"]

1. e4 c6 2. d4 d5 3. Nd2 dxe4 4. Nxe4 Bf5 5. Ng3 Bg6 6. h4 h6 7. Nf3 Nf6 8. h5 Bh7 9. Bd3 Bxd3 10. Qxd3 e6 11. Bd2 Be7 12. 0-0-0 Nbd7 13. Qe2 a5 14. Ne5 Nxe5 15. dxe5 Nd7 16. f4 0-0 17. f5 Bg5 18. f6 gxf6 19. exf6 Qxf6 20. Ne4 Bxd2+ 21. Rxd2 Qe7 1-0